Statistieken voor random vlaggen van Europa - moeilijkere versie

Klik hier om de quiz te nemen!

Algemene statistieken

  • Deze quiz is 184 keer genomen
  • De gemiddelde score is 13 van 15

Antwoordstatistieken

Antwoord% Correct
Frankrijk
97%
Noorwegen
96%
Portugal
95%
Polen
93%
Rusland
93%
Spanje
93%
Zweden
93%
Oostenrijk
89%
Duitsland
88%
Nederland
88%
België
86%
Kroatië
86%
Luxemburg
77%
Finland
76%
Verenigd koninkrijk
76%

Scoreverdeling

Percentiel versus Aantal Correcte Antwoorden

Procent van Mensen met Elke Score

Uw Scoregeschiedenis

U heeft deze quiz nog niet genomen